[Event "GER-ch U25-A"]
[Site "Willingen"]
[Date "2016.05.20"]
[Round "8"]
[White "Kappelmann, Florian"]
[Black "Richter, Robert"]
[Result "1-0"]
[WhiteElo "1643"]
[BlackElo "1550"]
[PlyCount "83"]
[EventDate "2016.05.15"]
[EventType "swiss"]
[EventRounds "9"]
[EventCountry "GER"]
[SourceTitle "CBM 172 Extra"]
[Source "ChessBase"]
[SourceDate "2016.06.21"]
[SourceVersion "1"]
[SourceVersionDate "2016.06.21"]
[SourceQuality "1"]

1. Nh3 d5 2. g3 e5 3. f4 Bd6 4. fxe5 Bxe5 5. d4 Bd6 6. Nf2 Nf6 7. Bg2 0-0 8. Bg5 c6 9. e4 h6 10. Bxf6 Qxf6 11. 0-0 Qg5 12. e5 Bc7 13. Qd2 Qh5 14. Nd3 Nd7 15. Nf4 Qg5 16. Qe2 Nb6 17. Nd2 Bg4 18. Nf3 Qe7 19. Qd3 c5 20. c3 c4 21. Qc2 Qd7 22. Qd2 Rab8 23. Ne1 Bd8 24. Nc2 Bf5 25. Ne3 Be6 26. Qe2 Bg5 27. h4 Bxf4 28. Rxf4 Nc8 29. Qh5 Ne7 30. g4 Ng6 31. Rf3 b5 32. g5 Kh7 33. Raf1 b4 34. gxh6 gxh6 35. Nf5 Bxf5 36. Rxf5 bxc3 37. bxc3 Rb2 38. Bh3 Qe7 39. Rf6 Rxa2 40. e6 Qd6 41. Rxf7+ Rxf7 42. Rxf7+ 1-0

[Event "GER-ch U25-A"]
[Site "Willingen"]
[Date "2016.05.16"]
[Round "3"]
[White "Fromm, Johannes"]
[Black "Kappelmann, Florian"]
[Result "0-1"]
[WhiteElo "1467"]
[BlackElo "1643"]
[PlyCount "64"]
[EventDate "2016.05.15"]
[EventType "swiss"]
[EventRounds "9"]
[EventCountry "GER"]
[SourceTitle "CBM 172 Extra"]
[Source "ChessBase"]
[SourceDate "2016.06.21"]
[SourceVersion "1"]
[SourceVersionDate "2016.06.21"]
[SourceQuality "1"]

1. e4 c6 2. d4 d5 3. f3 e6 4. Nc3 Bb4 5. Qd3 Nd7 6. Bf4 Ne7 7. Nge2 a6 8. g4 Ng6 9. Bg3 Nh4 10. 0-0-0 b5 11. f4 h6 12. Kb1 Nb6 13. f5 Be7 14. Bh3 b4 15. Nf4 bxc3 16. fxe6 Bxe6 17. Nxe6 fxe6 18. exd5 cxd5 19. Bxh4 Bxh4 20. Qg6+ Kd7 21. g5 Qe8 22. Qxg7+ Qe7 23. gxh6 Qxg7 24. hxg7 Rhg8 25. Rhg1 Nc4 26. bxc3 Rab8+ 27. Ka1 Na3 28. Rd2 Bg5 29. Re2 Rxg7 30. Bxe6+ Kd6 31. Bf5 Re7 32. Reg2 Reb7 0-1

[Event "GER-ch U25-A"]
[Site "Willingen"]
[Date "2016.05.15"]
[Round "2"]
[White "Kappelmann, Florian"]
[Black "Reck, Jessica"]
[Result "1-0"]
[WhiteElo "1643"]
[BlackElo "1692"]
[PlyCount "83"]
[EventDate "2016.05.15"]
[EventType "swiss"]
[EventRounds "9"]
[EventCountry "GER"]
[SourceTitle "CBM 172 Extra"]
[Source "ChessBase"]
[SourceDate "2016.06.21"]
[SourceVersion "1"]
[SourceVersionDate "2016.06.21"]
[SourceQuality "1"]

1. d4 g6 2. Bf4 Bg7 3. e3 d6 4. Nf3 Nd7 5. c4 e5 6. Bg3 Ne7 7. Nc3 Nf5 8. Be2 0-0 9. Rc1 Re8 10. 0-0 Nxg3 11. hxg3 e4 12. Nd2 f5 13. b4 c5 14. bxc5 dxc5 15. d5 a6 16. Nb3 b6 17. Qd2 Ne5 18. a4 a5 19. Rb1 Ba6 20. Nb5 Bxb5 21. cxb5 Qd6 22. f4 exf3 23. gxf3 Rad8 24. Rbd1 Re7 25. f4 Nd7 26. Bf3 Nf6 27. Rfe1 Ne4 28. Bxe4 Rxe4 29. Qa2 Rde8 30. Kf2 Rb4 31. Re2 Ree4 32. Nd2 Re8 33. Nc4 Qd8 34. d6 Re4 35. Nd2+ Kh8 36. Nxe4 Rxe4 37. d7 c4 38. Rc2 c3 39. Qf7 Re7 40. Qd5 h6 41. Qc6 Rf7 42. Qxb6 1-0

[Event "GER-ch U25 op-A"]
[Site "Willingen"]
[Date "2015.05.24"]
[Round "1"]
[White "Kappelmann, Florian"]
[Black "Quante, Lennart"]
[Result "0-1"]
[WhiteElo "1701"]
[BlackElo "2007"]
[PlyCount "70"]
[EventDate "2015.05.24"]
[EventType "swiss"]
[EventRounds "9"]
[EventCountry "GER"]
[SourceTitle "CBM 166 Extra"]
[Source "ChessBase"]
[SourceDate "2015.06.18"]
[SourceVersion "1"]
[SourceVersionDate "2015.06.18"]
[SourceQuality "1"]

1. d4 Nf6 2. Bf4 g6 3. e3 Bg7 4. Nf3 d6 5. c3 0-0 6. Bc4 a6 7. a4 b6 8. Qc2 Bf5 9. Bd3 Bxd3 10. Qxd3 c5 11. Nbd2 Nbd7 12. 0-0 e5 13. Bg5 Qc7 14. Rfd1 Rfe8 15. dxe5 dxe5 16. e4 Qc6 17. Re1 h6 18. Bh4 b5 19. Qc2 c4 20. Bxf6 Bxf6 21. Red1 Nc5 22. axb5 axb5 23. Ne1 Bg5 24. f3 Rxa1 25. Rxa1 Bxd2 26. Qxd2 Nb3 27. Qd1 Nxa1 28. Qxa1 Rd8 29. Qc1 Kg7 30. Nc2 Qd6 31. Na3 Qd1+ 32. Qxd1 Rxd1+ 33. Kf2 Rd2+ 34. Kg3 Rxb2 35. Kh3 Rb3 0-1